Statistics for Itzy Songs by the Alphabet (Midzy Ver.)

Click here to take the quiz!

General Stats

  • This quiz has been taken 90 times
  • The average score is 9 of 18

Answer Stats

LetterAnswer% Correct
WWannabe
88%
DDalla Dalla
84%
LLoco
82%
IIcy
75%
CCake
72%
MMafia in the Morning
68%
NNot Shy
65%
SSneakers
65%
UUntouchable
49%
VVoltage
37%
BBlah Blah Blah
33%
KKidding Me
28%
FFree Fall
21%
RRacer
21%
TTing Ting Ting
21%
YYou Make Me
21%
GGas me Up
16%
PPlaylist
12%

Score Distribution

Percentile by Number Answered

Percent of People with Each Score

Your Score History

You have not taken this quiz